000 00471nmm a2200157Ia 4500
008 251105s9999||||xx |||||||||||||||||und||
020 _a9788415471875
041 _aspa
100 _aMestre Chust, José Vicente
245 0 _aNazismo y holocausto :
_b Reflexión y memoria
264 _a[Madrid, España] :
_bCarena Editores,
_c2012
300 _a226 páginas
650 _aPhilosophy, Ethics
856 _uhttps://public.digitaliapublishing.com/a/23484
942 _cCF
999 _c76715
_d76715